| 000 | 00497nam a2200169Ia 4500 | ||
|---|---|---|---|
| 003 | GCL | ||
| 008 | 140319s9999 xx 000 0 ara d | ||
| 040 |
_aGCL / _cGCL |
||
| 082 | 0 | 4 |
_a189.19 _bح م |
| 100 | 1 | _aحسن الشرقاوى | |
| 245 | 1 | 0 |
_aمحاورات بين العقل والقلب / _cحسن الشرقاوى |
| 300 |
_a200 ص ؛ _c24 سم |
||
| 650 | 0 | 4 | _aالفلسفة الاسلامية |
| 650 | 0 | 4 | _aالفلسفة |
| 650 | 0 | 4 | _aالفلسفة الحديثة |
| 942 |
_2ddc _cBK |
||
| 999 |
_c8677 _d8677 |
||